| 000 | 00463cam a2200181ua 4500 | ||
|---|---|---|---|
| 020 | _c6.00 | ||
| 041 |
_amal _h |
||
| 082 |
_a028.7335 _bKRI/BH |
||
| 100 | _aKrishna Warrier, N.V. | ||
| 245 | 0 | 0 |
_aBharana sabdavali / _cN V Krishna Warrier. _hTextual Documents |
| 250 |
_a3 / _b. |
||
| 260 |
_aThiruvananthapuram : _bState Instititute of Languages , _c1980. |
||
| 300 | _a291 ; . | ||
| 365 | _a6.00 | ||
| 504 | _a | ||
| 942 | _cBK | ||
| 999 |
_c9887 _d9887 |
||